[Event "ch-ROU m"]
[Site "Baile Olanesti ROU"]
[Date "2010.02.02"]
[Round "4"]
[White "Hajbok,R"]
[Black "Stegariu,A"]
[Result "0-1"]
[WhiteElo "2295"]
[BlackElo "2042"]

1.Nf3 Nf6 2.c4 g6 3.Nc3 Bg7 4.e4 d6 5.d4 O-O 6.Be2 e5 7.O-O Nbd7 8.Be3 Ng4
9.Bg5 f6 10.Bd2 a5 11.Qc1 exd4 12.Nxd4 Nc5 13.h3 Ne5 14.Be3 Re8 15.Qc2 c6
16.Rfe1 Nf7 17.Bf1 Ng5 18.Rad1 Ngxe4 19.Nxe4 Nxe4 20.Bf4 f5 21.Nf3 Qf6 22.Bc1 Be6
23.Qb3 Qf7 24.Qc2 h6 25.Nd4 Bd7 26.Ne2 Bf8 27.Rd4 Rad8 28.Red1 Bc8 29.b3 Nf6
30.Nc3 Be6 31.Na4 d5 32.cxd5 Rxd5 33.Rxd5 Bxd5 34.Bd2 Qc7 35.Be3 Qe5 36.Bd4 Qe4
37.Qd2 Bb4 38.Qxh6 Kf7 39.Qc1 Nh5 40.Nc3 Bxc3 41.Qxc3 Nf4 42.Bh8 Ne2+  0-1

[Event "8th Gibtelecom Masters"]
[Site "Caleta ENG"]
[Date "2010.02.02"]
[Round "8"]
[White "Mancini,G"]
[Black "Carlsen,I"]
[Result "1-0"]
[WhiteElo "1946"]
[BlackElo "1508"]

1.d4 Nf6 2.c4 g6 3.Nc3 Bg7 4.e4 d6 5.Nf3 O-O 6.Be2 e5 7.d5 Nbd7 8.O-O Nc5
9.Qc2 c6 10.dxc6 bxc6 11.Rd1 Qc7 12.b3 Ne8 13.b4 Ne6 14.b5 Nd4 15.Qd2 Nxe2+
16.Qxe2 f5 17.bxc6 Qxc6 18.Nd5 Qd7 19.Ba3 Bb7 20.Rab1 Bxd5 21.Rxd5 fxe4 22.Nd2 Qc6
23.Nxe4 Rc8 24.Bxd6 Nxd6 25.Nxd6 Rb8 26.Rbd1 Rb6 27.c5 Rb4 28.a3 Rd4 29.R5xd4 exd4
30.Qe6+  1-0

[Event "15th HIT Open A"]
[Site "Nova Gorica SLO"]
[Date "2010.02.02"]
[Round "4"]
[White "Tratar,M"]
[Black "Leon Hoyos,M"]
[Result "1/2-1/2"]
[WhiteElo "2493"]
[BlackElo "2542"]

1.Nf3 g6 2.d4 Nf6 3.c4 Bg7 4.Nc3 O-O 5.e4 d6 6.Be2 e5 7.d5 a5 8.Bg5 h6 9.Bh4 Na6
10.Nd2 Bd7 11.a3 Qb8 12.O-O Nc5 13.b4 axb4 14.axb4 Rxa1 15.Qxa1 Ncxe4 16.Ndxe4 Nxe4
17.Nxe4 f5 18.Nc3 g5 19.Bg3 f4 20.Ne4 Qe8 21.Qa7 Bc8 22.b5 Bf5 23.Bd3 Qg6
24.Re1 Qf7 25.f3 fxg3 26.hxg3 b6 27.g4 Bc8 28.Qa2 h5 29.Qd2 hxg4 30.Qxg5 Qf4
31.fxg4 Bxg4 32.Rf1 Qxg5 33.Rxf8+ Kxf8 34.Nxg5 Ke7 35.Kf2 Bh6 36.Kg3 Bd7
37.Ne6 Bxe6 38.dxe6 Kxe6 39.Be4 Kf6 40.Kg4 Bc1 41.Kh5 Bd2 42.Kg4 Bc1  1/2-1/2

[Event "8th Gibtelecom Masters"]
[Site "Caleta ENG"]
[Date "2010.02.04"]
[Round "10"]
[White "Demac,E"]
[Black "Schoene,Mar"]
[Result "1-0"]
[WhiteElo "2104"]
[BlackElo "2251"]

1.d4 g6 2.c4 Nf6 3.Nc3 Bg7 4.e4 d6 5.Nf3 O-O 6.Be2 e5 7.d5 Nbd7 8.Be3 Ng4
9.Bd2 a5 10.h3 Ngf6 11.Bg5 h6 12.Be3 Nc5 13.Nd2 Bd7 14.g4 Ne8 15.h4 f5 16.gxf5 gxf5
17.exf5 Bxf5 18.Nf1 Nf6 19.Rg1 Kh7 20.Ng3 Bd7 21.Qc2+ Kh8 22.O-O-O Ng4 23.Bxg4 Bxg4
24.Qg6 Qd7 25.Nh5 Bxh5 26.Qxh5 Qf5 27.Rg5 Nd3+ 28.Kd2 Qh7 29.Rxg7 Qxg7 30.Kxd3 Qh7+
31.Kd2 Rf5 32.Qe2 Rg8 33.Ne4 Qg6 34.Ng3 Rf6 35.Qd3 Qg4 36.b3 Rf3 37.Rg1 a4
38.Ne2 Qxh4 39.Rxg8+ Kxg8 40.Qg6+ Kh8 41.Bxh6 Qf6 42.Bg7+ Qxg7 43.Qh5+ Qh7
44.Qxf3 Qb1 45.Nc1 Qb2+ 46.Kd1 axb3 47.axb3 Qd4+ 48.Kc2 b5 49.Qe3  1-0

[Event "8th Gibtelecom Masters"]
[Site "Caleta ENG"]
[Date "2010.02.04"]
[Round "10"]
[White "Zhukova,N"]
[Black "Fressinet,L"]
[Result "1/2-1/2"]
[WhiteElo "2462"]
[BlackElo "2670"]

1.d4 Nf6 2.c4 d6 3.Nc3 Nbd7 4.e4 e5 5.Nf3 g6 6.Be2 Bg7 7.O-O O-O 8.Re1 Re8
9.Bf1 c6 10.dxe5 dxe5 11.a3 a5 12.Rb1 Nc5 13.Qxd8 Rxd8 14.Be3 Nfd7 15.b4 Ne6
16.Red1 axb4 17.axb4 Ra3 18.Ne2 Re8 19.Bc1 Ra8 20.Bb2 b6 21.Ra1 Rxa1 22.Rxa1 Bf8
23.b5 cxb5 24.cxb5 Bb7 25.Nxe5 Nxe5 26.Bxe5 Bc5 27.Bf6 Nf8 28.Ra7 Bxe4 29.Nc3 Bf5
30.Nd5 Re1 31.Bc3 Rd1 32.Nf6+ Kg7 33.Ra1 Rxa1 34.Bxa1 Ne6 35.Nd7+ Kg8 36.g4 Bc2
37.Bc4 Ba4 38.Be5 Bd4 39.Bxd4 Nxd4 40.Nxb6  1/2-1/2

[Event "15th HIT Open A"]
[Site "Nova Gorica SLO"]
[Date "2010.02.04"]
[Round "7"]
[White "Lenic,L"]
[Black "Markus,Rob"]
[Result "1-0"]
[WhiteElo "2595"]
[BlackElo "2620"]

1.d4 Nf6 2.c4 d6 3.Nf3 g6 4.Nc3 Bg7 5.e4 O-O 6.Be2 Nbd7 7.O-O e5 8.Qc2 Qe7
9.dxe5 dxe5 10.Nd5 Qd8 11.Rd1 Ne8 12.Bg5 f6 13.Be3 c6 14.Nc3 Qe7 15.c5 Kh8
16.b4 f5 17.Bg5 Ndf6 18.Nd2 Nc7 19.Nb3 Ne6 20.Be3 Nf4 21.Bxf4 exf4 22.exf5 Bxf5
23.Bd3 Ng4 24.Bxf5 Rxf5 25.Nd4 Rh5 26.Qe2 Qg5 27.Ne4 Qe7 28.Nc3 Qh4 29.h3 Ne5
30.Nf3 Nxf3+ 31.Qxf3 a5 32.a3 Qe7 33.Rac1 axb4 34.axb4 Ra3 35.Nd5 Rxd5 36.Qxa3 Bd4
37.Qf3 Qf6 38.Rd2 Kg7 39.Rcd1 Qe5 40.Kf1 h5 41.Qe2 Kf6 42.Qxe5+ Kxe5 43.Re2+ Kf6
44.Re4 Bc3 45.Rxd5 cxd5 46.Rxf4+ Ke5 47.Rh4 d4 48.b5 Kd5 49.c6 bxc6 50.bxc6 Kxc6
51.g4 Kc5 52.gxh5 gxh5 53.Ke2 Kc4 54.Rxh5 d3+ 55.Kd1 Kd4 56.Rh4+ Ke5 57.Rc4 Bd4
58.Rxd4 Kxd4 59.Kd2 Ke4 60.h4  1-0

[Event "ch-ROU m"]
[Site "Baile Olanesti ROU"]
[Date "2010.02.05"]
[Round "7"]
[White "Dumitrache,D"]
[Black "Ungureanu,V"]
[Result "0-1"]
[WhiteElo "2472"]
[BlackElo "2316"]

1.d4 Nf6 2.c4 g6 3.Nc3 Bg7 4.e4 d6 5.Nf3 O-O 6.Be2 e5 7.O-O Nbd7 8.Be3 Ng4
9.Bg5 f6 10.Bh4 Nh6 11.dxe5 dxe5 12.b4 Nf7 13.c5 c6 14.Qb3 Qe7 15.Rad1 a5
16.a3 axb4 17.axb4 b5 18.Rd6 Nb8 19.Rdd1 Kh8 20.Qb2 Na6 21.Rfe1 Qb7 22.Ra1 Be6
23.Ra5 Nc7 24.Rea1 Rxa5 25.Rxa5 Ra8 26.Qa3 Ra6 27.Nd2 Nd8 28.h3 Qa7 29.Rxa6 Qxa6
30.Qb2 Bg8 31.Bg4 Nce6 32.Nb3 Qa7 33.Kh1 Qd7 34.Na5 h5 35.Bxe6 Nxe6 36.Qc1 Nf4
37.Qd1 Be6 38.Bg3 Qxd1+ 39.Nxd1 Bd7 40.Bxf4 exf4 41.f3 Kg8 42.Nf2 Kf7 43.Nd3 g5
44.h4 gxh4 45.Kh2 f5 46.e5 Ke6 47.Nxf4+ Kxe5 48.Ng6+ Kf6 49.Nf4 Kg5 50.Nd3 f4
51.Nf2 Kf5 52.Ne4 Ke5 53.Kg1 Kd4 54.Kh2 Ke3 55.Nb7 h3 56.Na5 hxg2 57.Kxg2 h4  0-1

[Event "15th HIT Open A"]
[Site "Nova Gorica SLO"]
[Date "2010.02.05"]
[Round "8"]
[White "Markus,Rob"]
[Black "Srebrnic,M"]
[Result "1-0"]
[WhiteElo "2620"]
[BlackElo "2322"]

1.d4 Nf6 2.c4 g6 3.Nc3 Bg7 4.e4 d6 5.Nf3 O-O 6.Be2 Nbd7 7.O-O e5 8.Be3 exd4
9.Nxd4 Nc5 10.f3 c6 11.Qd2 a5 12.Rfd1 Nfd7 13.Bh6 Bxh6 14.Qxh6 Qb6 15.Qe3 Rd8
16.Rd2 Nf8 17.Rad1 Nfe6 18.Nc2 a4 19.b4 axb3 20.axb3 Qc7 21.e5 Nxb3 22.Rxd6  1-0

[Event "TCh-NED 2009-10"]
[Site "Netherlands NED"]
[Date "2010.02.06"]
[Round "6"]
[White "Goormachtigh,J"]
[Black "Knoop,W"]
[Result "1-0"]
[WhiteElo "2230"]
[BlackElo "2059"]

1.d4 Nf6 2.c4 g6 3.Nc3 Bg7 4.e4 d6 5.Be2 O-O 6.Nf3 e5 7.Be3 Nc6 8.d5 Ne7
9.Nd2 Ne8 10.c5 f5 11.f3 f4 12.Bf2 g5 13.g4 fxg3 14.hxg3 Ng6 15.Nc4 Qf6 16.Be3 Rf7
17.Qd2 h6 18.O-O-O dxc5 19.Bxc5 Nd6 20.Nxd6 cxd6 21.Ba3 a6 22.Na4 Qd8 23.b4 b5
24.Nc3 Qb6 25.Bb2 a5 26.a3 axb4 27.axb4 Rc7 28.Kb1 Bd7 29.Bd3 Qa6 30.Qe2 Ne7
31.Bxb5 Bxb5 32.Qxb5 Qa7 33.Qd3 Nc8 34.Qc2 Nb6 35.Qb3 Qa6 36.Rhe1 Nc4 37.Rh1 Qc8
38.Nb5 Rb7 39.Na3 Nxb2 40.Kxb2 Rab8 41.Rc1 Qd7 42.Rc4 g4 43.fxg4 Qxg4 44.Rhc1 Qe2+
45.R1c2 Qe1 46.b5 Bf6 47.Rc8+ Rxc8 48.Rxc8+ Kg7 49.Qc4 Qd2+ 50.Kb3 Qd1+ 51.Qc2 Qf3+
52.Rc3 Qg4 53.Rc7+ Rxc7 54.Qxc7+ Kg6 55.b6 Qxg3+ 56.Ka4 Qe3 57.b7 Qd4+ 58.Kb5 Qb2+
59.Kc6  1-0

[Event "TCh-Eur Seniors"]
[Site "Dresden GER"]
[Date "2010.02.10"]
[Round "1"]
[White "Ovesen,K"]
[Black "Kugelmann,W"]
[Result "1/2-1/2"]
[WhiteElo "1883"]
[BlackElo "2210"]

1.d4 Nf6 2.Nf3 g6 3.c4 Bg7 4.Nc3 O-O 5.e4 d6 6.Be2 Nbd7 7.O-O e5 8.d5 Nc5
9.Qc2 a5 10.Be3 b6 11.Nd2 Ng4 12.Bxc5 bxc5 13.h3 Nh6 14.Rab1 Bd7 15.Nf3 f5
16.exf5 gxf5 17.Nh2 Kh8 18.f3 Bf6 19.Kh1 Bg5 20.g4 Bf4 21.Bd3 Qh4 22.Qg2 Rg8
23.Ne2 Be3 24.Qg3 Qe7 25.f4 exf4 26.Nxf4 Bd4 27.Nf3 fxg4 28.Nxd4 cxd4 29.Qf2 Qe3
30.Qh4 Nf5 31.Qf6+ Ng7 32.Bxh7 g3 33.Qh4 g2+ 34.Nxg2 Qxh3+ 35.Qxh3 Bxh3  1/2-1/2

[Event "TCh-Eur Seniors"]
[Site "Dresden GER"]
[Date "2010.02.11"]
[Round "2"]
[White "Biller,H"]
[Black "Trapl,J"]
[Result "0-1"]
[WhiteElo "2158"]
[BlackElo "2345"]

1.d4 Nf6 2.c4 g6 3.Nc3 Bg7 4.e4 O-O 5.Nf3 d6 6.Be2 Na6 7.O-O e5 8.Be3 Qe8
9.d5 Ng4 10.Bg5 f5 11.Nd2 Nh6 12.f3 Nf7 13.Be3 Bh6 14.Bxh6 Nxh6 15.Rb1 g5
16.b4 Qg6 17.c5 g4 18.fxg4 Nxg4 19.Bxg4 fxg4 20.Rxf8+ Kxf8 21.c6 Kg7 22.g3 bxc6
23.dxc6 d5 24.exd5 Bf5 25.Rb2 Bd3 26.Qe1 e4 27.Nf1 Rf8 28.Rf2 Nxb4 29.Rxf8 Kxf8
30.Qf2+ Qf7 31.Nd2 Qxf2+ 32.Kxf2 Ke7 33.Ke3 Nc2+ 34.Kf4 e3 35.Nde4 e2 36.Nxe2 Bxe2
37.Nf2 Nb4 38.Nxg4 Nxd5+ 39.Kg5 Bxg4 40.Kxg4 Nb4 41.Kg5 Nxc6 42.Kh6 Ne5 43.Kxh7 c5  0-1

[Event "9th Aeroflot Open A"]
[Site "Moscow RUS"]
[Date "2010.02.11"]
[Round "3"]
[White "Belov,Vl"]
[Black "Ajrapetjan,Y"]
[Result "1-0"]
[WhiteElo "2595"]
[BlackElo "2525"]

1.Nf3 Nf6 2.c4 g6 3.Nc3 Bg7 4.e4 d6 5.d4 O-O 6.Be2 e5 7.Be3 Ng4 8.Bg5 f6
9.Bh4 g5 10.Bg3 Nh6 11.h3 Nc6 12.d5 Ne7 13.Qd2 Nf7 14.Bh2 f5 15.exf5 Nxf5
16.Ne4 Nd4 17.Nxd4 exd4 18.Bg4 Bxg4 19.hxg4 b5 20.cxb5 Qe8 21.Qd3 Qc8 22.f3 Qb7
23.Rc1 h6 24.Rc6 a6 25.b6 cxb6 26.O-O Rad8 27.Qb3 b5 28.Bxd6 Rfe8 29.Bc7 Rc8
30.Nc5 Qxc6 31.dxc6 Rxc7 32.f4 gxf4 33.Ne6 Rxc6 34.Nxg7 Kxg7 35.Rxf4 Rf6
36.Rxd4 Re1+ 37.Kh2 Re2 38.Rd7 Re4 39.Qg3 Kg8 40.Qc3 Kg7 41.Ra7 Re6 42.Qc8 Rg6
43.Ra8 Kh7 44.Qf8 Rg7 45.Ra7 Rf6 46.g3 Kg6 47.Kg2 Kh7 48.a3 Kg6 49.Qc8 Kh7
50.Rxa6 Rxa6 51.Qxa6 Rg5 52.Qb7 Kg8 53.b3 Rc5 54.Qb8+ Kg7 55.Qa7 Rd5 56.a4 bxa4
57.bxa4 Kf6 58.Qf2+ Ke7 59.Qa2  1-0

[Event "TCh-Eur Seniors"]
[Site "Dresden GER"]
[Date "2010.02.12"]
[Round "3"]
[White "Meiwald,G"]
[Black "Wheeler,Jo"]
[Result "1/2-1/2"]
[WhiteElo "2055"]
[BlackElo "2129"]

1.d4 Nf6 2.Nf3 g6 3.c4 Bg7 4.Nc3 d6 5.e4 O-O 6.Be2 e5 7.O-O exd4 8.Nxd4 Re8
9.f3 Nbd7 10.Bg5 h6 11.Be3 a5 12.Qd2 Kh7 13.Rad1 Nc5 14.Nd5 Nxd5 15.cxd5 Bd7
16.Rfe1 Qe7 17.Nb5 Bxb5 18.Bxb5 Rf8 19.Bd4 Be5 20.Bxe5 Qxe5 21.f4 Qe7 22.e5 b6
23.Re3  1/2-1/2

[Event "TCh-Eur Seniors"]
[Site "Dresden GER"]
[Date "2010.02.13"]
[Round "4"]
[White "Lechtynsky,J"]
[Black "Uhlmann,W"]
[Result "1/2-1/2"]
[WhiteElo "2393"]
[BlackElo "2412"]

1.d4 Nf6 2.Nf3 g6 3.c4 Bg7 4.Nc3 O-O 5.e4 d6 6.Be2 e5 7.Be3 Ng4 8.Bg5 f6
9.Bc1 Nc6 10.d5 Ne7 11.h3 Nh6 12.g4 Nf7 13.Rg1 c5 14.Bd2 g5  1/2-1/2

[Event "TCh-Eur Seniors"]
[Site "Dresden GER"]
[Date "2010.02.14"]
[Round "5"]
[White "Versteeg,C"]
[Black "Bennett,P"]
[Result "1/2-1/2"]
[WhiteElo "2052"]
[BlackElo "2087"]

1.e4 g6 2.d4 Bg7 3.Nf3 d6 4.c4 Nf6 5.Nc3 O-O 6.Be2 Nbd7 7.O-O e5 8.d5 Nc5
9.Qc2 a5 10.b3 Nh5 11.Bb2 f5 12.Nd2 Nf4 13.Bf3 Bh6 14.a3 Nfd3 15.Rfd1 Qg5
16.Nf1 fxe4 17.Nxe4 Nxe4 18.Qxd3 Nc5 19.Qc3 Rxf3 20.Qxf3 Bg4 21.Qg3 Bxd1
22.Rxd1 Qh5 23.Re1 Rf8 24.b4 Bf4 25.Qc3 axb4 26.axb4 Na4 27.Qc2 Nxb2 28.Qxb2 Qf5
29.Qe2 Ra8 30.Ng3 Bxg3 31.hxg3 Ra4 32.Qd2 Qg4 33.Qc3 Ra2 34.f4 Qf5 35.Qf3 Rc2
36.c5 Rc4 37.fxe5 Qxf3 38.gxf3 dxe5 39.Rxe5 Rxb4 40.Re7 Rd4 41.Rxc7  1/2-1/2

[Event "TCh-Eur Seniors"]
[Site "Dresden GER"]
[Date "2010.02.14"]
[Round "5"]
[White "Kelchner,H"]
[Black "Nickl,K"]
[Result "1/2-1/2"]
[WhiteElo "2193"]
[BlackElo "2183"]

1.d4 Nf6 2.c4 g6 3.Nc3 Bg7 4.e4 d6 5.Nf3 O-O 6.Be2 e5 7.d5 a5 8.h3 Na6 9.Be3 Nd7
10.Qc2 Ndc5 11.g4 Bd7 12.Qd2 Qe7 13.O-O-O f6 14.Rdg1 Rf7 15.Ne1 Kh8 16.Nc2 Nb4
17.Na3 Nxa2+ 18.Kb1 Nxc3+ 19.Qxc3 Nxe4 20.Qc2 f5 21.gxf5 Bxf5 22.Bd3 Nc5
23.Bxf5 Rxf5 24.h4 e4 25.Nb5 Nd3 26.Nd4 Rf7 27.h5 gxh5 28.Rxh5 Raf8 29.Ne6 Rg8
30.Rxh7+ Kxh7 31.Rh1+ Kg6 32.Rg1+ Kh7 33.Rh1+ Kg6 34.Rg1+  1/2-1/2

[Event "TCh-SUI NatLigaA"]
[Site "Switzerland SUI"]
[Date "2010.02.14"]
[Round "1"]
[White "Huss,A"]
[Black "Gerber,R"]
[Result "1/2-1/2"]
[WhiteElo "2326"]
[BlackElo "2384"]

1.d4 Nf6 2.c4 g6 3.Nc3 Bg7 4.e4 d6 5.Nf3 O-O 6.Be2 e5 7.d5 Na6 8.Nd2 h5 9.Rb1 c5
10.a3 h4 11.h3 Nh7 12.Nf3 f5 13.Be3 Rf7 14.Qc1 Nc7 15.b4 b6 16.bxc5 bxc5
17.Ng5 Nxg5 18.Bxg5 Bf6 19.Bxf6 Qxf6 20.O-O Ne8 21.Rb3 Kh7 22.Qc2 Qg5 23.Kh1 Nf6
24.Bf3 Ba6 25.Nb5 Rd8 26.Re3 Qf4 27.Qa4 Bxb5 28.cxb5 g5 29.Qa5 Rdf8 30.exf5 e4
31.Bg4 Nxd5 32.Ree1 Nf6 33.b6 axb6 34.Qxb6 Rg7 35.Qc6 Re7 36.Rd1 Nxg4 37.hxg4 h3
38.Qxd6 hxg2+ 39.Kxg2 Qf3+ 40.Kg1 Qxg4+ 41.Qg3 Qxf5 42.Rfe1 Rf6 43.Re3 Ref7
44.Rd2 Rh6 45.Qg2 Rh4 46.Rg3 Kh6 47.Rd6+ Kh5 48.Rd8 Rf6 49.Rh8+ Rh6 50.Rg8 Rg6
51.Rh8+ Rh6 52.Rg8 g4 53.Re3 Re6 54.Rh8+ Kg5 55.Rg8+ Kh5 56.Rh8+ Kg5 57.Rg8+  1/2-1/2

[Event "Uxbridge Int Petrosian"]
[Site "Uxbridge ENG"]
[Date "2010.02.14"]
[Round "2"]
[White "Pleasants,A"]
[Black "De Coverly,R"]
[Result "0-1"]
[WhiteElo "2079"]
[BlackElo "2109"]

1.c4 Nf6 2.Nc3 g6 3.Nf3 Bg7 4.e4 d6 5.Be2 O-O 6.O-O e5 7.d4 exd4 8.Nxd4 Re8
9.f3 Nc6 10.Be3 Nh5 11.Nxc6 bxc6 12.Qd2 c5 13.Rad1 Bb7 14.g4 Nf6 15.Bg5 Qc8
16.Nd5 Nxd5 17.cxd5 Ba6 18.b3 Bxe2 19.Qxe2 a5 20.Rb1 Qa6 21.Qc4 Qxc4 22.bxc4 Reb8
23.Bd2 a4 24.Rb5 Rxb5 25.cxb5 a3 26.f4 Bd4+ 27.Kg2 Rb8 28.Rf3 Rxb5 29.Rxa3 Rb2
30.Rd3 Bg7 31.e5 c4 32.exd6 cxd6  0-1

[Event "Uxbridge Int Morphy"]
[Site "Uxbridge ENG"]
[Date "2010.02.14"]
[Round "2"]
[White "Adair,J"]
[Black "Cox,JohnJ"]
[Result "1-0"]
[WhiteElo "2167"]
[BlackElo "2387"]

1.d4 Nf6 2.c4 g6 3.Nc3 Bg7 4.e4 d6 5.Nf3 O-O 6.Be2 Nbd7 7.O-O e5 8.Re1 c6
9.d5 c5 10.g3 Ne8 11.Nh4 f5 12.exf5 gxf5 13.f4 e4 14.Bf1 Bxc3 15.bxc3 Ng7
16.Ng2 Nf6 17.Rb1 Qc7 18.Ne3 Bd7 19.Rb2 Rae8 20.Rg2 Kf7 21.Be2 h5 22.h3 Ke7
23.g4 hxg4 24.hxg4 fxg4 25.Nxg4 Nxg4 26.Bxg4 Kd8 27.Qc2 Bxg4 28.Rxg4 Qe7
29.f5 Rxf5 30.Qg2 Nh5 31.Rgxe4 Re5 32.Rxe5 dxe5 33.Bg5 Nf6 34.Rf1 Rf8 35.d6 Qxd6
36.Bxf6+ Kc7 37.Qg5 Re8 38.Qg7+ Kb8 39.Qf7 Re6 40.Qg8+ Kc7 41.Qg7+ Kb8 42.Bxe5 Rg6+
43.Qxg6 Qxe5 44.Qg8+ Kc7 45.Rf7+ Kb6 46.Qd8+ Ka6 47.Qf6+  1-0

[Event "Uxbridge Int Morphy"]
[Site "Uxbridge ENG"]
[Date "2010.02.14"]
[Round "2"]
[White "Brown,Th"]
[Black "McNab,C"]
[Result "0-1"]
[WhiteElo "2064"]
[BlackElo "2475"]

1.d4 d6 2.Nf3 g6 3.c4 Nd7 4.e4 e5 5.Nc3 Bg7 6.Be2 Ngf6 7.O-O O-O 8.Re1 c6
9.Bf1 Qe7 10.Rb1 a5 11.Bg5 h6 12.Bh4 Re8 13.d5 Nc5 14.Nd2 Qf8 15.Be2 Bd7
16.b3 Rec8 17.a3 cxd5 18.Bxf6 Bxf6 19.Nxd5 Bd8 20.Bg4 Bxg4 21.Qxg4 h5 22.Qe2 Ne6
23.Nf3 Rc6 24.h4 Kg7 25.g3 f5 26.exf5 Qxf5 27.Kg2 b6 28.Ne3 Qe4 29.Qd1 Nd4
30.Nd5 Qxf3+ 31.Qxf3 Nxf3 32.Kxf3 a4 33.Ne3 axb3 34.Rxb3 Kf7 35.Ke4 Ke6 36.Kd3 Rc5
37.Nd5 b5 38.Ne3 e4+ 39.Kxe4 bxc4 40.Rbb1 d5+ 41.Kf4 Bc7+ 42.Kg5 Kf7  0-1

[Event "TCh-Eur Seniors"]
[Site "Dresden GER"]
[Date "2010.02.16"]
[Round "7"]
[White "Bachmann,KH"]
[Black "Uhlmann,W"]
[Result "1/2-1/2"]
[WhiteElo "2301"]
[BlackElo "2412"]

1.Nf3 Nf6 2.c4 g6 3.d4 Bg7 4.Nc3 O-O 5.e4 d6 6.Be2 e5 7.dxe5 dxe5 8.Qxd8 Rxd8
9.Bg5 Re8 10.O-O-O Na6 11.Nd2 c6 12.f3 Nc5  1/2-1/2

[Event "TCh-Eur Seniors"]
[Site "Dresden GER"]
[Date "2010.02.16"]
[Round "7"]
[White "Laitinen,Ma"]
[Black "Krebs,D"]
[Result "0-1"]
[WhiteElo "1843"]
[BlackElo "2123"]

1.d4 Nf6 2.c4 g6 3.Nc3 Bg7 4.e4 d6 5.Nf3 O-O 6.Be2 e5 7.dxe5 dxe5 8.Qxd8 Rxd8
9.Bg5 Nbd7 10.Rd1 Rf8 11.Bxf6 Nxf6 12.O-O Bg4 13.h3 Bxf3 14.Bxf3 c6 15.Rd6 Rfd8
16.Rfd1 Rxd6 17.Rxd6 Kf8 18.Kf1 Ke7 19.Rd1 Rd8 20.Rxd8 Kxd8 21.Ke2 Bf8 22.a3 Bc5
23.g4 h6 24.Bg2 Bd4 25.Nd1 Nd7 26.Kd3 Nc5+ 27.Kc2 Ne6 28.f3 Nf4 29.Bf1 Ke7
30.Nc3 Bf2 31.b4 Ne6 32.Ne2 Kf6 33.Kd3 Kg5 34.Bg2 Kh4 35.Bf1 Ng5 36.f4 Nxh3
37.fxe5 Kxg4 38.Bxh3+ Kxh3 39.Nf4+ Kg4 40.e6 fxe6 41.Nxe6 h5 42.Ke2 Kg3 43.Kf1 h4
44.Ng5 Be3 45.Nf7 h3  0-1

[Event "Uxbridge Int Morphy"]
[Site "Uxbridge ENG"]
[Date "2010.02.17"]
[Round "8"]
[White "Cox,JohnJ"]
[Black "McNab,C"]
[Result "1/2-1/2"]
[WhiteElo "2387"]
[BlackElo "2475"]

1.d4 d6 2.Nf3 g6 3.c4 Bg7 4.Nc3 Nd7 5.e4 e5 6.Be2 Ngf6 7.O-O O-O 8.Be3 Re8
9.d5 Nh5 10.g3 Bf8 11.Ne1 Ng7 12.Nd3 Be7 13.Qd2 f5 14.f3 Rf8 15.Rac1 Nf6
16.c5 fxe4 17.fxe4 Bh3 18.cxd6 cxd6 19.Rf3 Ng4 20.Rxf8+ Kxf8 21.Bxg4 Bxg4
22.Bxa7 Kg8 23.Be3 h5 24.Kg2 Qf8 25.h3 Qf3+ 26.Kh2 h4 27.Qf2 hxg3+ 28.Qxg3 Qxg3+
29.Kxg3 Bd7 30.a3 Nh5+ 31.Kg2 Rf8 32.Nf2 Bh4 33.Ncd1 Bb5 34.Bh6 Rf7 35.Rc8+ Kh7
36.Bf8 Nf4+ 37.Kh2 Rd7 38.Ng4 Bf1 39.Ndf2 Ne2 40.Bh6 Bg3+ 41.Kh1 Bxf2 42.Nf6+ Kxh6
43.Nxd7 Kg5 44.Rg8 Ng3+ 45.Kh2 Nxe4 46.Nf8 Bg3+ 47.Kg1 Bxh3 48.Rxg6+ Kf4
49.Ne6+ Ke3 50.Rg7 b5 51.b3 Bf2+ 52.Kh2 Bf1 53.a4 bxa4 54.bxa4 Nc3 55.a5 Nxd5
56.Rd7 Nf6 57.Rxd6 Ng4+ 58.Kh1 Bd3 59.Ng5 Bh4 60.Nh3 Nf2+ 61.Nxf2 Bxf2 62.a6 Ke2
63.Re6 e4 64.Re7 Bxa6 65.Rxe4+ Kf3 66.Re7 Bc4 67.Kh2 Bg3+ 68.Kg1 Bd6 69.Rd7 Bf4
70.Rg7 Be3+ 71.Kh2 Bf4+ 72.Kg1 Be6 73.Rg6 Be3+  1/2-1/2

[Event "Open"]
[Site "Novy Bor CZE"]
[Date "2010.02.18"]
[Round "7"]
[White "Loktiev,I"]
[Black "Filinkov,A"]
[Result "1/2-1/2"]
[WhiteElo "2243"]
[BlackElo "2261"]

1.d4 Nf6 2.c4 g6 3.Nc3 Bg7 4.e4 d6 5.Be2 O-O 6.Nf3 e5 7.Be3 Nc6 8.O-O Ng4
9.Bg5 f6 10.Bh4 Nh6 11.dxe5 dxe5 12.Qxd8 Nxd8 13.Rfd1 c6 14.c5 Ne6 15.b4 Nf7
16.Nd2  1/2-1/2

[Event "Open"]
[Site "Novy Bor CZE"]
[Date "2010.02.19"]
[Round "8"]
[White "Plischki,S"]
[Black "Karlik,V"]
[Result "1-0"]
[WhiteElo "2364"]
[BlackElo "2248"]

1.d4 g6 2.c4 Bg7 3.e4 d6 4.Nc3 Nf6 5.Nf3 O-O 6.Be2 Na6 7.O-O e5 8.Be3 Ng4
9.Bg5 Qe8 10.dxe5 dxe5 11.Qc1 c6 12.Rd1 f6 13.Bd2 f5 14.h3 Nf6 15.exf5 gxf5
16.Bh6 e4 17.Bxg7 Kxg7 18.Nd4 Qg6 19.Qf4 Bd7 20.a3 Rac8 21.Nb3 Qf7 22.Rd6 Rce8
23.Rad1 Bc8 24.Nd4 Ng8 25.b4 Ne7 26.Qh6+ Kh8 27.Bh5 Qg7 28.Qxg7+ Kxg7 29.Bxe8 Rxe8
30.Nde2 Kf7  1-0

[Event "IFPX Categoria A"]
[Site "Sao Paulo BRA"]
[Date "2010.02.20"]
[Round "1"]
[White "Coelho,L"]
[Black "Cunico,G"]
[Result "1-0"]
[WhiteElo "2381"]
[BlackElo "1983"]

1.d4 Nf6 2.c4 g6 3.Nc3 Bg7 4.e4 d6 5.Nf3 O-O 6.Be2 e5 7.Be3 Qe7 8.dxe5 dxe5
9.Nd5 Nxd5 10.cxd5 Qb4+ 11.Nd2 c6 12.Qc2 Qa5 13.Bc5 Re8 14.b4 Qd8 15.Rd1 cxd5
16.exd5 Bf5 17.Qb3 h5 18.Nc4 Bf8 19.Bxf8 Kxf8 20.Qb2 Na6 21.O-O f6 22.Qa3 Kg7
23.b5 Nc7 24.Nd6 Rh8 25.Nxb7 Qd7 26.Nc5 Qe8 27.Qa5 Qf7 28.Bf3 Rab8 29.a4 Na8
30.Ne6+ Kh7 31.Rc1 Rhc8 32.Rc6 Nb6 33.Rfc1 Bxe6 34.dxe6 Qxe6 35.Qxa7+ Kh6
36.Qxb8 Rxb8 37.Rxe6  1-0

[Event "4NCL 2009-10"]
[Site "Hinckley Island ENG"]
[Date "2010.02.21"]
[Round "6"]
[White "Morrison,G SCO"]
[Black "Moskovic,D"]
[Result "1-0"]
[WhiteElo "2353"]
[BlackElo "2307"]

1.d4 Nf6 2.c4 g6 3.Nc3 Bg7 4.e4 d6 5.Nf3 O-O 6.Be2 Na6 7.O-O e5 8.Re1 c6
9.Bf1 exd4 10.Nxd4 Ng4 11.h3 Qb6 12.hxg4 Qxd4 13.g5 Qe5 14.Be3 Nc5 15.f4 Qe7
16.Bd4 Bxd4+ 17.Qxd4 Ne6 18.Qd2 f6 19.gxf6 Qxf6 20.g3 Nd4 21.Bg2 Bg4 22.Re3 Rae8
23.Rae1 Qg7 24.Rd3 c5 25.Nb5 Nxb5 26.cxb5 Rf6 27.Rxd6 Rxd6 28.Qxd6 Qxb2 29.Qxc5 b6
30.Qc4+ Be6 31.Qe2 Qc3 32.Qe3 Qb2 33.a4 Rd8 34.f5 Rd2 35.Bf1 Ba2 36.Re2 Rxe2
37.Bxe2 Qe5 38.Kf2 Kg7 39.a5 Bb1 40.axb6 axb6 41.Qxb6 Bxe4 42.f6+ Qxf6+ 43.Qxf6+ Kxf6
44.b6 Bb7 45.Bf3 Ba6 46.Ke3 Ke5 47.Be4 Bc8 48.Kf3 Ba6 49.b7 Bxb7 50.Bxb7 h5
51.Bc8 Kf6 52.Kg2 g5 53.Kh3 Kg6 54.Bd7 Kf7 55.Ba4 Kf6 56.Be8 h4 57.g4 Ke5
58.Kg2 Kf4 59.Bd7 Ke3 60.Bf5 Ke2 61.Be4 Ke3 62.Bf3 Kd2 63.Kf2 Kd3 64.Bb7 Kd2
65.Be4 Kd1 66.Ke3  1-0

[Event "18th Fajr Open"]
[Site "Mashhad IRI"]
[Date "2010.02.21"]
[Round "3"]
[White "Neelotpal,D"]
[Black "Arabi,S"]
[Result "1/2-1/2"]
[WhiteElo "2445"]
[BlackElo "2110"]

1.c4 g6 2.d4 Bg7 3.Nc3 d6 4.Nf3 Nf6 5.e4 O-O 6.Be2 e5 7.Be3 Ng4 8.Bg5 f6
9.Bc1 f5 10.O-O exd4 11.Nxd4 fxe4 12.Bxg4 Bxg4 13.Qxg4 Bxd4 14.Qxe4 Nc6  1/2-1/2

[Event "18th Fajr Open"]
[Site "Mashhad IRI"]
[Date "2010.02.22"]
[Round "5"]
[White "Ibrahimov,R"]
[Black "Harutjunyan,G"]
[Result "1-0"]
[WhiteElo "2550"]
[BlackElo "2475"]

1.Nf3 Nf6 2.c4 g6 3.Nc3 Bg7 4.e4 d6 5.d4 O-O 6.Be2 e5 7.Be3 c6 8.d5 Ng4 9.Bg5 f6
10.Bh4 Na6 11.O-O Nh6 12.c5 Nxc5 13.b4 Na6 14.Bxa6 bxa6 15.dxc6 Be6 16.Nd5 Kh8
17.Rc1 Ng8 18.Qd3 Qc8 19.Nd2 Rb8 20.a3 Bxd5 21.exd5 g5 22.Bg3 f5 23.f3 Nf6
24.Nc4 f4 25.Bf2 Qc7 26.a4 Rfe8 27.Rfd1 g4 28.Rb1 gxf3 29.Qxf3 Rf8 30.Nd2 e4
31.Nxe4 Nxe4 32.Qxe4 f3 33.gxf3 Rbe8 34.Qd3 Be5 35.Bg3 Rg8 36.Kf2 Qg7 37.Bxe5 Rxe5
38.Rg1 Qh6 39.Rxg8+ Kxg8 40.Rg1+ Kf7 41.Qd4 Qxh2+ 42.Rg2 Qh6 43.Qxa7+ Re7
44.Qd4 Re5 45.b5 Qc1 46.Qa7+ Re7 47.Rg7+ Kxg7 48.Qxe7+ Kg8 49.c7 Qc2+ 50.Kg3  1-0

[Event "Angora GM Schev"]
[Site "Ankara TUR"]
[Date "2010.02.23"]
[Round "3"]
[White "Paikidze,N"]
[Black "Erdogdu,M"]
[Result "1-0"]
[WhiteElo "2278"]
[BlackElo "2513"]

1.d4 Nf6 2.c4 g6 3.Nc3 Bg7 4.e4 d6 5.Nf3 O-O 6.Be2 e5 7.Be3 Ng4 8.Bg5 f6
9.Bh4 Nc6 10.d5 Ne7 11.Nd2 Nh6 12.f3 c5 13.Rb1 g5 14.Bf2 f5 15.b4 b6 16.bxc5 dxc5
17.a4 Ng6 18.g3 g4 19.fxg4 Nxg4 20.Bxg4 fxg4 21.O-O Bh6 22.Qe2 Qg5 23.Rb2 Bd7
24.a5 Rf6 25.Nd1 Raf8 26.Be3 Nf4 27.gxf4 exf4 28.Bf2 g3 29.Be1 f3 30.Nxf3 gxh2+
31.Kxh2 Qh5+ 32.Nh4 Bg4 33.Rg1 Bf4+ 34.Kh1 Rg6 35.Rxg4 Rxg4 36.Qxg4+ Qxg4
37.Rg2 Qxg2+ 38.Kxg2 bxa5 39.Bxa5 Rb8 40.Nf5 Kf7 41.Bc3 Rb1 42.Kf3 Bc7 43.Ke2 a5
44.e5 a4 45.e6+ Kf8 46.Bg7+ Kg8 47.Bf6 Rb6 48.e7 Kf7 49.Ng7  1-0

[Event "4th SOP-SMAOK Open"]
[Site "Athens GRE"]
[Date "2010.02.23"]
[Round "7"]
[White "Gklavopoulos,E"]
[Black "Fanourgakis,K"]
[Result "0-1"]
[WhiteElo "1836"]
[BlackElo "1885"]

1.d4 Nf6 2.c4 g6 3.Nc3 Bg7 4.e4 d6 5.Nf3 O-O 6.Be2 e5 7.d5 c6 8.h3 Na6 9.Be3 Nh5
10.Qd2 f5 11.Bg5 Nf6 12.dxc6 bxc6 13.Rd1 Nc5 14.Nxe5 Nfxe4 15.Nxe4 Nxe4 16.Bxd8 Nxd2
17.Nxc6 Bd7 18.Rxd2 Bxc6 19.Be7 Rfe8 20.Bxd6 Bxg2 21.Rg1 Bf3 22.Rg3 Bxe2
23.Rxe2 Bxb2 24.Rb3 Rxe2+ 25.Kxe2 Re8+ 26.Kd3 Be5 27.Bxe5 Rxe5 28.Kd4 Re2
29.c5 Kf7 30.Rb7+ Ke6 31.Rxa7 Rxf2 32.Ra6+ Kd7 33.Rd6+ Kc7 34.Rf6 Rd2+ 35.Kc3 Rxa2
36.c6 Ra6 37.Rf7+ Kxc6 38.Rxh7 Kd5 39.Kd3 Ra3+ 40.Ke2 Ke4 41.Re7+ Kf4 42.h4 Ra2+
43.Kf1 Kf3 44.Kg1 Kg3  0-1